Statistics for 2015 Oscar Nominees Quiz

Click here to take the quiz!

General Stats

  • This quiz has been taken 3,908 times
  • The average score is 18 of 38

Answer Stats

CategoryHintAnswer% Correct
Best PictureFormer SuperheroBirdman
74%
Best PictureHotelThe Grand Budapest Hotel
74%
Best PictureMarksmanAmerican Sniper
73%
Best PictureHawkingThe Theory of Everything
72%
Best PictureGrowing UpBoyhood
71%
Best PictureCivil RightsSelma
69%
Best Supporting ActressInto the WoodsMeryl Streep
67%
Best PictureCodebreakerThe Imitation Game
67%
Best ActorAmerican SniperBradley Cooper
66%
Best ActorThe Imitation GameBenedict Cumberbatch
65%
Best ActorFoxcatcherSteve Carell
64%
Best ActorBirdmanMichael Keaton
63%
Best Animated FeatureDragonsHow to Train Your Dragon 2
62%
Best ActressWildReese Witherspoon
60%
Best ActorThe Theory of EverythingEddie Redmayne
56%
Best ActressStill AliceJulianne Moore
54%
Best PictureDrummerWhiplash
54%
Best ActressGone GirlRosamund Pike
49%
Best DirectorThe Grand Budapest HotelWes Anderson
47%
Best Supporting ActressBirdmanEmma Stone
46%
Best Supporting ActressThe Imitation Game Keira Knightley
44%
Best Supporting ActorBoyhoodEthan Hawke
43%
Best Supporting ActressBoyhoodPatricia Arquette
42%
Best Supporting ActorWhiplashJ.K. Simmons
41%
Best Supporting ActorFoxcatcherMark Ruffalo
41%
Best Supporting ActorBirdmanEdward Norton
40%
Best Animated FeatureTrollsThe Boxtrolls
39%
Best Supporting ActorThe JudgeRobert Duvall
38%
Best Animated FeatureRobotsBig Hero 6
35%
Best ActressThe Theory of EverythingFelicity Jones
34%
Best DirectorBoyhoodRichard Linklater
32%
Best ActressTwo Days, One Night Marion Cotillard
29%
Best DirectorBirdmanAlejandro González Iñárritu
28%
Best Supporting ActressWildLaura Dern
25%
Best DirectorFoxcatcherBennett Miller
13%
Best DirectorThe Imitation GameMorten Tyldum
9%
Best Animated FeatureStudio GhibliThe Tale of the Princess
Kaguya
9%
Best Animated FeatureSelkieSong of the Sea
7%

Score Distribution

Percentile by Number Answered

Percent of People with Each Score

Your Score History

You have not taken this quiz